Incrementos en los derechos y beneficios laborales de los trabajadores de construcción civil (Registro nro. 22627)

000 -Cabecera
Campo de control interno 03240nam a2200397 4500
001 - Número de control
control field ESSALUD
005 - Fecha y hora de la última transacción
Campo de control 20260702153024.0
007 - Tipo material - Descripcion fisica - info general
Tipo material - Descripcion fisica - info general ta
008 - Elementos de Longitud Fija - Información General
Elementos de Longitud Fija - Información t pe ||||| |||| 00| 0 spa d
040 ## - Origen de la Catalogación
Origen de la Catalogación BMG
041 ## - Idioma
Idioma spa
100 ## - Autor
Autor Lara Arnao, Ruth Jaqueline
Rol del Autor Autor
9 (RLIN) 47585
245 ## - Titulo
Titulo Incrementos en los derechos y beneficios laborales de los trabajadores de construcción civil
Subtitulo Implicancias a raíz de los reajustes del Acta Final de Negociación Colectiva 2026
246 ## - Variante del Titulo
Titulo Increases in the rights and labor benefits of civil construction workers
Subtitulo Implications arising from the adjustments of the Final Act of Collective Bargaining 2026
300 ## - Páginas
Paginación páginas 150-168
520 ## - Resumen
Resumen El presente informe tiene por finalidad analizar las principales implicancias de la "Convención Colectiva de Trabajo - Acta Final de Negociación Colectiva en Construcción Civil 2026", suscrita mediante trato directo entre la Cámara Peruana de la Construcción (CAPECO) y la Federación de Trabajadores en Construcción Civil (FTCC). Dicho instrumento colectivo establece diversos incrementos y mejoras en los beneficios laborales de los trabajadores del sector, principalmente en lo referido al jornal básico, el pago de la asignación especial por labores realizadas en días feriados, la bonificación por trabajos en altura, la bonificación escolar, la bonificación por trabajos ejecutados en condiciones de altas temperaturas en infraestructura vial, el Fondo de Capacitación, así como la creación de la Comisión Permanente de la Industria de la Construcción.
520 ## - Resumen
Resumen This report alms to analyze the main implications of the "Collective Labor Agreement - Final<br/>Record of Collective Bargaining in Civil Construction 2026", executed through direct negotiation between<br/>the Peruvian Chamber of Construction (CAPECO) and the Federation of Workers in Civil Construction<br/>(FTCC). This collective instrument establishes various increases and improvements in labor benefits for<br/>workers in the sector, particularly with regard to the basic daily wage, the payment of a special allowance<br/>for work performed on public holidays, the height work bonus, the school allowance, the bonus for work<br/>carried out under high-temperature conditions in road infrastructure projects, the Training Fund, as well<br/>as the creation of the Permanent Commission of the Construction Industry.<br/>
650 ## - Temas - Descriptores
Temas - Descriptores CONVENIO COLECTIVO 2026
9 (RLIN) 53197
650 ## - Temas - Descriptores
Temas - Descriptores JORNAL BÁSICO
9 (RLIN) 53198
650 ## - Temas - Descriptores
Temas - Descriptores BENEFICIOS
9 (RLIN) 53199
650 ## - Temas - Descriptores
Temas - Descriptores TRABAJO EN FERIADO
9 (RLIN) 53200
650 ## - Temas - Descriptores
Temas - Descriptores DERECHO DE ALTURA
9 (RLIN) 53201
650 ## - Temas - Descriptores
Temas - Descriptores ASIGNACIÓN ESCOLAR
9 (RLIN) 53202
650 ## - Temas - Descriptores
Temas - Descriptores FONDO DE CAPACITACIÓN
9 (RLIN) 53203
650 ## - Temas - Descriptores
Temas - Descriptores COMISIÓN PERMANENTE
9 (RLIN) 53204
650 ## - Temas - Descriptores
Temas - Descriptores COLLECTIVE AGREEMENT 2026
9 (RLIN) 53205
650 ## - Temas - Descriptores
Temas - Descriptores BASIC DAILY WAGE
9 (RLIN) 53206
650 ## - Temas - Descriptores
Temas - Descriptores BENEFITS
9 (RLIN) 53207
650 ## - Temas - Descriptores
Temas - Descriptores WORK ON PUBLIC HOLIDAYS
9 (RLIN) 53208
650 ## - Temas - Descriptores
Temas - Descriptores HEIGHT WORK
9 (RLIN) 53209
650 ## - Temas - Descriptores
Temas - Descriptores SCHOOL ALLOWANCE
9 (RLIN) 53210
650 ## - Temas - Descriptores
Temas - Descriptores TRAINING FUND
9 (RLIN) 53211
650 ## - Temas - Descriptores
Temas - Descriptores PERMANENT COMMISSION
9 (RLIN) 53212
773 0# - Revista (Relacion con el numero)
Host Biblionumber 22614
Host Itemnumber 22623
Ciudad, Editorial Lima Grupo Praxis Formación Profesional, 2026-
Codigo barras item/ejemplar PRALAB001
Titulo de la Revista Praxis Laboral & Procesal Laboral
Número de control de registro ESSALUD
ISSN 3119-768X
942 ## - Elementos de Koha
Tipo de Documento Artículos
Fecha procesamiento 2026-07-02
Catalogador SQB

No hay ítems disponibles.